[Event "Sao Paulo Communic 7th"]
[Site "Sao Paulo"]
[Date "2004.??.??"]
[Round "?"]
[White "Fernandez, Daniel"]
[Black "Rodriguez Vila, Andres"]
[Result "1-0"]
[WhiteElo "2317"]
[BlackElo "2485"]
[PlyCount "109"]
[EventDate "2004.06.17"]
[EventType "tourn"]
[EventRounds "9"]
[EventCountry "BRA"]
[EventCategory "4"]
[SourceTitle "EXT 2007"]
[Source "ChessBase"]
[SourceDate "2006.11.23"]
[SourceVersion "1"]
[SourceVersionDate "2006.11.23"]
[SourceQuality "1"]

1. e4 e6 2. d4 d5 3. e5 c5 4. c3 Bd7 5. Nf3 Nc6 6. Be2 Nge7 7. Na3 cxd4 8. cxd4
Nf5 9. Nc2 Be7 10. O-O h5 11. Ne3 g5 12. Nxf5 exf5 13. h4 g4 14. Ng5 Qb6 15.
Be3 f6 16. e6 Bc8 17. Nf7 Rf8 18. Bd3 Bxe6 19. Nh6 f4 20. Bxf4 Qxd4 21. Be3 Qe5
22. Re1 f5 23. Bg5 Qd6 24. Qa4 O-O-O 25. Bf4 Qd7 26. Rac1 Bd6 27. Rxc6+ Qxc6
28. Rc1 Qxc1+ 29. Bxc1 f4 30. Qxa7 Rf6 31. Bd2 Rdf8 32. Bc3 Rxh6 33. Bg7 Rhf6
34. Qd4 R6f7 35. Bxf8 Rxf8 36. Bg6 Kd7 37. Bxh5 g3 38. Qg7+ Kc6 39. Bf3 Bc5 40.
Qe5 Bxf2+ 41. Kf1 Re8 42. Qxf4 Bg8 43. Qa4+ b5 44. Qa6+ Kc7 45. Be2 Re4 46. h5
Rh4 47. Bxb5 Rh1+ 48. Ke2 Re1+ 49. Kd2 Re6 50. Qa5+ Kb7 51. Qd8 Rb6 52. Qxg8
Rxb5 53. b3 d4 54. h6 Be3+ 55. Kd3 1-0

[Event "Sao Paulo Communic 7th"]
[Site "Sao Paulo"]
[Date "2004.??.??"]
[Round "?"]
[White "Frenklakh, Valery"]
[Black "Rodriguez Vila, Andres"]
[Result "0-1"]
[WhiteElo "2280"]
[BlackElo "2485"]
[PlyCount "94"]
[EventDate "2004.06.17"]
[EventType "tourn"]
[EventRounds "9"]
[EventCountry "BRA"]
[EventCategory "4"]
[SourceTitle "EXT 2007"]
[Source "ChessBase"]
[SourceDate "2006.11.23"]
[SourceVersion "1"]
[SourceVersionDate "2006.11.23"]
[SourceQuality "1"]

1. d4 f5 2. c4 Nf6 3. g3 g6 4. Nc3 Bg7 5. Bg2 O-O 6. Nf3 d6 7. O-O Nc6 8. d5
Na5 9. Qd3 c5 10. Bd2 a6 11. Ng5 Rb8 12. Rac1 b5 13. b3 bxc4 14. bxc4 Ng4 15.
f4 Rb2 16. Nf3 Bd4+ 17. Nxd4 cxd4 18. Nd1 Rxa2 19. h3 Nf6 20. Rc2 Rxc2 21. Qxc2
Qb6 22. Nf2 Qb3 23. Rc1 Qxc2 24. Rxc2 Nb3 25. Rb2 Nc5 26. Nd3 Nce4 27. Be1 e6
28. Nb4 Re8 29. Nc6 exd5 30. cxd5 Nxd5 31. Nxd4 Ne3 32. Bf3 Re7 33. Rb8 Rc7 34.
Ba5 Rc1+ 35. Kh2 Rc4 36. Ne6 Kf7 37. Ng5+ Nxg5 38. fxg5 Ke6 39. Ra8 Nc2 40. Ra7
Bd7 41. Rxa6 Nd4 42. Kg2 Rc2 43. Kf2 Bb5 44. Ra7 Bxe2 45. Ba8 Nb5 46. Rxh7 Ra2
47. Rg7 Bh5+ 0-1

[Event "Sao Paulo Communic 7th"]
[Site "Sao Paulo"]
[Date "2004.??.??"]
[Round "?"]
[White "Gonzalez, Bolivar Ribeiro"]
[Black "Rodriguez Vila, Andres"]
[Result "0-1"]
[WhiteElo "2286"]
[BlackElo "2485"]
[PlyCount "70"]
[EventDate "2004.06.17"]
[EventType "tourn"]
[EventRounds "9"]
[EventCountry "BRA"]
[EventCategory "4"]
[SourceTitle "EXT 2007"]
[Source "ChessBase"]
[SourceDate "2006.11.23"]
[SourceVersion "1"]
[SourceVersionDate "2006.11.23"]
[SourceQuality "1"]

1. e4 e6 2. d4 d5 3. Nc3 Bb4 4. e5 Ne7 5. a3 Bxc3+ 6. bxc3 c5 7. Qg4 Qc7 8.
Qxg7 Rg8 9. Qxh7 cxd4 10. Ne2 Nbc6 11. f4 Bd7 12. Qd3 dxc3 13. h3 O-O-O 14. Rb1
d4 15. g4 Kb8 16. Bg2 Bc8 17. O-O Qa5 18. Ng3 b6 19. Be4 Ba6 20. Qf3 Bxf1 21.
Qxf1 Nd5 22. Qd3 Qc5 23. Kh2 Qe7 24. Bg2 Qh4 25. Qf3 d3 26. Be3 dxc2 27. Rc1
Nxe3 28. Qxe3 Rxg4 29. Bxc6 Rd2+ 30. Bg2 Rxf4 31. Qxc3 Rff2 32. Rg1 c1=Q 33.
Qxc1 Rd3 34. Qc6 Qxg3+ 35. Kh1 Qxh3+ 0-1

[Event "Sao Paulo Communic 7th"]
[Site "Sao Paulo"]
[Date "2004.??.??"]
[Round "?"]
[White "Marrero Lopez, Yaniet"]
[Black "Rodriguez Vila, Andres"]
[Result "0-1"]
[WhiteElo "2271"]
[BlackElo "2485"]
[PlyCount "78"]
[EventDate "2004.06.17"]
[EventType "tourn"]
[EventRounds "9"]
[EventCountry "BRA"]
[EventCategory "4"]
[SourceTitle "EXT 2007"]
[Source "ChessBase"]
[SourceDate "2006.11.23"]
[SourceVersion "1"]
[SourceVersionDate "2006.11.23"]
[SourceQuality "1"]

1. e4 d6 2. d4 g6 3. h3 Nd7 4. g4 c5 5. c3 Bg7 6. Bg2 e5 7. dxc5 dxc5 8. Na3
Ne7 9. Nc4 O-O 10. a4 b6 11. Ne2 Ba6 12. b3 Bxc4 13. bxc4 Nc6 14. Ng3 Na5 15.
Qe2 Qh4 16. O-O Rfd8 17. Be3 Nf8 18. Rfd1 Ne6 19. Nf1 Bh6 20. Bxh6 Qxh6 21. Ne3
Nf4 22. Qf1 Qg5 23. Nd5 h5 24. Bf3 hxg4 25. hxg4 Kg7 26. Ra2 Rh8 27. Nxf4 Qxf4
28. Qg2 Nxc4 29. Be2 Rh4 30. Rd7 Qc1+ 31. Qf1 Qh6 32. Bf3 Rh8 33. Rxf7+ Kxf7
34. Qxc4+ Kg7 35. Kf1 Qc1+ 36. Ke2 Rd8 37. Qb3 Rh3 38. a5 c4 39. Qc2 Qf4 0-1

[Event "Sao Paulo Communic 7th"]
[Site "Sao Paulo"]
[Date "2004.??.??"]
[Round "?"]
[White "Rodriguez Vila, Andres"]
[Black "Diamant, Andre"]
[Result "1-0"]
[WhiteElo "2485"]
[BlackElo "2227"]
[PlyCount "51"]
[EventDate "2004.06.17"]
[EventType "tourn"]
[EventRounds "9"]
[EventCountry "BRA"]
[EventCategory "4"]
[SourceTitle "EXT 2007"]
[Source "ChessBase"]
[SourceDate "2006.11.23"]
[SourceVersion "1"]
[SourceVersionDate "2006.11.23"]
[SourceQuality "1"]

1. e4 c5 2. Nc3 Nc6 3. Nge2 g6 4. d4 cxd4 5. Nxd4 Bg7 6. Nb3 Nf6 7. g4 d5 8.
exd5 Nb4 9. Bb5+ Bd7 10. Be2 Bxg4 11. Bxg4 Nxg4 12. Qxg4 Nxc2+ 13. Ke2 Nxa1 14.
Qa4+ Kf8 15. Nc5 Bxc3 16. Nd7+ Kg8 17. bxc3 a6 18. Bh6 Nc2 19. Rd1 b5 20. Qg4
f5 21. Qf4 Qe8 22. Qe5 Qf7 23. Qe6 Rd8 24. Ne5 Qxe6 25. dxe6 Rxd1 26. Kxd1 1-0

[Event "Sao Paulo Communic 7th"]
[Site "Sao Paulo"]
[Date "2004.??.??"]
[Round "?"]
[White "Rodriguez Vila, Andres"]
[Black "Needleman, Alejandro"]
[Result "0-1"]
[WhiteElo "2485"]
[BlackElo "2411"]
[PlyCount "144"]
[EventDate "2004.06.17"]
[EventType "tourn"]
[EventRounds "9"]
[EventCountry "BRA"]
[EventCategory "4"]
[SourceTitle "EXT 2007"]
[Source "ChessBase"]
[SourceDate "2006.11.23"]
[SourceVersion "1"]
[SourceVersionDate "2006.11.23"]
[SourceQuality "1"]

1. e4 c5 2. Nf3 e6 3. d4 cxd4 4. Nxd4 Nc6 5. Nc3 Qc7 6. g3 d6 7. Ndb5 Qb8 8.
Bf4 Ne5 9. Be3 a6 10. f4 Nd7 11. Nd4 b5 12. Bg2 Bb7 13. f5 e5 14. Nb3 Ngf6 15.
Na5 Be7 16. Nxb7 Qxb7 17. O-O h6 18. Qe2 b4 19. Nd1 Nxe4 20. Nf2 d5 21. Nxe4
dxe4 22. Bf2 Nf6 23. Rfe1 O-O 24. g4 Rac8 25. h4 Qb5 26. g5 Qxe2 27. Rxe2 hxg5
28. hxg5 Nh5 29. Bxe4 Nf4 30. Re3 Bxg5 31. a3 a5 32. Kh1 Rfd8 33. Rg1 f6 34.
axb4 axb4 35. Ra1 Rd7 36. Be1 Ng2 37. Rb3 Nxe1 38. Rxe1 Rd4 39. Bd3 Kf7 40. Re4
Rh8+ 41. Kg2 Rh4 42. Rxh4 Bxh4 43. c4 Ke7 44. Be2 Be1 45. Kf1 Bd2 46. Rd3 Rf4+
47. Rf3 Kd6 48. Rxf4 Bxf4 49. b3 Kc5 50. Kf2 Kd4 51. Kf3 Be3 52. Bf1 e4+ 53.
Ke2 Bg1 54. Bh3 Kc3 55. Bg2 Kd4 56. c5 Ke5 57. c6 Bb6 58. Bh3 Kf4 59. Kf1 Kg5
60. Ke2 g6 61. fxg6 Kxg6 62. Bc8 f5 63. Kf1 Kf6 64. Kg2 Ke5 65. Kg3 Bc7 66. Kh3
f4 67. Kg4 Kd4 68. Ba6 Ke3 69. Kf5 Kf3 70. Ke6 e3 71. Kd7 Bb8 72. Kc8 Be5 0-1

[Event "Sao Paulo Communic 7th"]
[Site "Sao Paulo"]
[Date "2004.??.??"]
[Round "?"]
[White "Rodriguez Vila, Andres"]
[Black "Tsuboi, Edson Kenji"]
[Result "1-0"]
[WhiteElo "2485"]
[BlackElo "2344"]
[PlyCount "83"]
[EventDate "2004.06.17"]
[EventType "tourn"]
[EventRounds "9"]
[EventCountry "BRA"]
[EventCategory "4"]
[SourceTitle "EXT 2007"]
[Source "ChessBase"]
[SourceDate "2006.11.23"]
[SourceVersion "1"]
[SourceVersionDate "2006.11.23"]
[SourceQuality "1"]

1. e4 c5 2. Nf3 Nc6 3. d4 cxd4 4. Nxd4 e6 5. Nc3 Qc7 6. g3 a6 7. Bg2 Nf6 8. O-O
Be7 9. Re1 O-O 10. Nxc6 dxc6 11. e5 Rd8 12. Bd2 Nd5 13. Qg4 Nxc3 14. Bxc3 b5
15. Qe4 Bb7 16. Red1 Rab8 17. Qe1 Rxd1 18. Rxd1 Rd8 19. Rxd8+ Qxd8 20. Bf3 Qd7
21. Qe4 Qd5 22. Qe3 Bc5 23. Qe2 Qd7 24. Be4 Bb6 25. Qh5 h6 26. Qf3 a5 27. a3
Kf8 28. h4 Kg8 29. h5 Qc7 30. b4 axb4 31. axb4 Qd7 32. Kf1 Kf8 33. g4 Ke7 34.
Ke2 Kd8 35. Qd3 Qxd3+ 36. cxd3 Kc7 37. Bh7 Kd7 38. Be4 Kc7 39. f4 c5 40. Bxb7
Kxb7 41. g5 Kc6 42. f5 1-0

[Event "Franca Garcia Memorial 20th"]
[Site "Osasco"]
[Date "2004.07.07"]
[Round "8"]
[White "Rodriguez Vila, Andres"]
[Black "Schneider, Dmitry"]
[Result "0-1"]
[WhiteElo "2556"]
[BlackElo "2454"]
[Annotator "Bangiev,A"]
[PlyCount "48"]
[EventDate "2004.07.01"]
[EventType "tourn"]
[EventRounds "9"]
[EventCountry "BRA"]
[EventCategory "9"]
[SourceTitle "CBM 103"]
[Source "ChessBase"]
[SourceDate "2004.11.11"]
[SourceVersion "1"]
[SourceVersionDate "2004.11.11"]
[SourceQuality "1"]

1. e4 e5 2. f4 exf4 3. Nf3 h6 {[%cal Ye5f4,Ye3f2]} 4. Bc4 d6 5. d4 g5 6. c3 Nc6
7. h4 Bg7 8. Qb3 Qe7 {[%cal Ye5f4,Ye3f2]} 9. O-O g4 $146 {Ein neuer Zug.} (9...
Nf6 {ist die schwarze Hauptvariante}) 10. Nh2 {[%cal Gg2e4,Ye3f2]} (10. Bxf4
gxf3 11. Rxf3 Nf6 $19) 10... f3 (10... Nf6 11. Bxf4) 11. Nxg4 {[%cal Ye5f4,
Ye3f2]} (11. gxf3 g3 $19) 11... Bxg4 {[%cal Ye3f2,Gg2e4]} (11... Nxd4 $1 12.
cxd4 Bxg4 13. e5 (13. Qxb7 Bxd4+) 13... c6) 12. Qxb7 Nxd4 $1 {[%mdl 512]} (
12... Rc8 13. Qxc6+ $16) 13. Qxa8+ Kd7 {[%cal Ca8a7,Oe7h4,Ge3f2] Die weiße
Stellung droht zusammen zu brechen. Es ist nicht einfach, in dieser Situation
einen kühlen Kopf zu bewahren. Vor allem muss man die Problemzone
herauszufinden: Dies sind die Felder f2 und e3.} 14. Rf2 $5 {[%cal Ye3f2] Dies
ist gut, aber nicht gut genug.} (14. cxd4 Bxd4+ 15. Rf2 Bxf2+ 16. Kxf2 Qxh4+) (
14. Qxa7 $5 {[%cal Ye3f2] Dies sollte die lebenswichtigen Felder e3, f2 decken.
} Ne2+ (14... Qxh4 15. cxd4) (14... Qxe4 15. Na3 Ne2+ 16. Bxe2 fxe2 17. Re1) (
14... Nf6 15. cxd4) 15. Bxe2 fxe2 16. Re1 {[%cal Ye3f2]} Qxh4 17. Qf2 Qxf2+ 18.
Kxf2 Nf6 19. Nd2 Re8 20. a4 $13 Kc8 21. a5 Kb7 22. a6+ Ka7 23. b4 {/\Ra2})
14... Nf6 $1 15. Qxa7 {zu spät} Nxe4 {[%cal Oe4f2,Cc3d4,Ye3f2]} 16. cxd4 $6
Nxf2 17. Bb5+ Kd8 {[%cal Oe7h4,Ge3f2]} 18. Nc3 (18. Kxf2 fxg2 $19) (18. Qa8+
Bc8 $19) 18... Qe1+ 19. Bf1 Nd3 $19 {[%cal Oe1f2,Ge3f2]} 20. Qa8+ (20. Nd1 f2+)
20... Bc8 21. Qe4 Qf2+ 22. Kh2 Bxd4 23. Be3 Bxe3 24. Nd1 Qg1+ 0-1

[Event "Vicente Lopez Magistral 7th"]
[Site "Vicente Lopez"]
[Date "2004.07.17"]
[Round "1"]
[White "Zambrana, Oswaldo"]
[Black "Rodriguez Vila, Andres"]
[Result "1-0"]
[WhiteElo "2472"]
[BlackElo "2567"]
[PlyCount "85"]
[EventDate "2004.07.09"]
[EventType "tourn"]
[EventRounds "11"]
[EventCountry "ARG"]
[EventCategory "6"]
[SourceTitle "CBM 101 Extra"]
[Source "ChessBase"]
[SourceDate "2004.09.01"]
[SourceVersion "2"]
[SourceVersionDate "2004.09.01"]
[SourceQuality "1"]

1. e4 e6 2. d4 d5 3. Nd2 Nf6 4. e5 Nfd7 5. Bd3 b6 6. Nh3 c5 7. c3 Ba6 8. Bxa6
Nxa6 9. O-O b5 10. Qg4 Qb6 11. Nf3 h6 12. Nf4 g6 13. h4 c4 14. Nh2 Nc7 15. h5
g5 16. Ne2 Rg8 17. Qh3 f5 18. exf6 Nxf6 19. Ng4 Nxg4 20. Qxg4 O-O-O 21. Nf4 Kb7
22. Ng6 Ne8 23. Re1 Nf6 24. Qxe6 Bd6 25. Bd2 Bc7 26. a4 Rd6 27. Qf7 Rgd8 28.
Re7 R6d7 29. axb5 Qd6 30. g3 Rxe7 31. Nxe7 Ne4 32. Be1 Rd7 33. Rxa7+ Kb8 34.
Nc6+ Qxc6 35. Qe8+ Kxa7 36. bxc6 Rd6 37. Qc8 Rxc6 38. Qd7 Kb7 39. Qxd5 Nf6 40.
Qf7 Ne4 41. b4 cxb3 42. Qxb3+ Bb6 43. c4 1-0

[Event "Vicente Lopez Magistral 7th"]
[Site "Vicente Lopez"]
[Date "2004.07.11"]
[Round "3"]
[White "Rodriguez Vila, Andres"]
[Black "Rosito, Jorge"]
[Result "1-0"]
[WhiteElo "2567"]
[BlackElo "2424"]
[PlyCount "97"]
[EventDate "2004.07.09"]
[EventType "tourn"]
[EventRounds "11"]
[EventCountry "ARG"]
[EventCategory "6"]
[SourceTitle "CBM 101 Extra"]
[Source "ChessBase"]
[SourceDate "2004.09.01"]
[SourceVersion "2"]
[SourceVersionDate "2004.09.01"]
[SourceQuality "1"]

1. e4 e5 2. Nf3 Nc6 3. Bc4 Nf6 4. d3 Be7 5. O-O O-O 6. Re1 d6 7. c3 Na5 8. Bb5
a6 9. Ba4 b5 10. Bc2 c5 11. Nbd2 Re8 12. Nf1 Bf8 13. Bg5 h6 14. Bh4 Be7 15. Ne3
Nh7 16. Bg3 Ng5 17. Nd2 Ne6 18. Nd5 Bf8 19. Nf1 Nc6 20. a4 Bb7 21. Nfe3 Ne7 22.
Bb3 Nxd5 23. Bxd5 Rb8 24. axb5 axb5 25. Qb3 h5 26. h3 h4 27. Bh2 g6 28. Ra7
Bxd5 29. Nxd5 Bg7 30. Rea1 Qg5 31. Qd1 c4 32. dxc4 bxc4 33. Nb4 Nc5 34. Qd5 Re6
35. Rd1 Qh5 36. f3 Bh6 37. Kh1 Rf6 38. Rf1 Nb3 39. Ra8 Rf8 40. Rxf8+ Bxf8 41.
Rf2 Qh6 42. Qxc4 Qc1+ 43. Bg1 Nd2 44. Qd3 Bh6 45. Nd5 Re6 46. f4 Nb3 47. f5
gxf5 48. exf5 e4 49. fxe6 1-0

[Event "Vicente Lopez Magistral 7th"]
[Site "Vicente Lopez"]
[Date "2004.07.13"]
[Round "5"]
[White "Rodriguez Vila, Andres"]
[Black "Fusco, Leonardo"]
[Result "1-0"]
[WhiteElo "2567"]
[BlackElo "2296"]
[PlyCount "73"]
[EventDate "2004.07.09"]
[EventType "tourn"]
[EventRounds "11"]
[EventCountry "ARG"]
[EventCategory "6"]
[SourceTitle "CBM 101 Extra"]
[Source "ChessBase"]
[SourceDate "2004.09.01"]
[SourceVersion "2"]
[SourceVersionDate "2004.09.01"]
[SourceQuality "1"]

1. e4 c5 2. Nf3 d6 3. d4 cxd4 4. Nxd4 Nf6 5. f3 Nc6 6. c4 e5 7. Nc2 Be6 8. Nc3
Be7 9. Be2 O-O 10. Be3 Ne8 11. Qd2 f5 12. exf5 Bxf5 13. O-O Nf6 14. Bd3 Be6 15.
Rad1 Kh8 16. b3 a6 17. Ne4 Qe8 18. Kh1 Nh5 19. Rfe1 Nf4 20. Bxf4 Rxf4 21. Ng3
Rd8 22. Be4 h5 23. Ne3 g6 24. Bd5 Bc8 25. Ne2 Rf6 26. Ng4 Rf7 27. Bxf7 Qxf7 28.
Nf2 Kg7 29. Rf1 h4 30. Ng1 Nd4 31. Ng4 Rh8 32. Nh3 Qf5 33. Qe3 Bf6 34. Nxf6
Qxf6 35. f4 Bg4 36. fxe5 Qxe5 37. Qxd4 1-0

[Event "Vicente Lopez Magistral 7th"]
[Site "Vicente Lopez"]
[Date "2004.07.14"]
[Round "6"]
[White "Roselli Mailhe, Bernardo"]
[Black "Rodriguez Vila, Andres"]
[Result "1/2-1/2"]
[WhiteElo "2420"]
[BlackElo "2567"]
[PlyCount "36"]
[EventDate "2004.07.09"]
[EventType "tourn"]
[EventRounds "11"]
[EventCountry "ARG"]
[EventCategory "6"]
[SourceTitle "CBM 101 Extra"]
[Source "ChessBase"]
[SourceDate "2004.09.01"]
[SourceVersion "2"]
[SourceVersionDate "2004.09.01"]
[SourceQuality "1"]

1. e4 e5 2. Nf3 Nf6 3. Nxe5 d6 4. Nf3 Nxe4 5. Qe2 Qe7 6. d3 Nf6 7. Bg5 Qxe2+ 8.
Bxe2 Be7 9. Nc3 h6 10. Bxf6 Bxf6 11. O-O-O Bxc3 12. bxc3 Nc6 13. Rhe1 O-O 14.
Kb2 Re8 15. Bf1 Bg4 16. Rxe8+ Rxe8 17. Re1 Rxe1 18. Nxe1 Kf8 1/2-1/2

[Event "Vicente Lopez Magistral 7th"]
[Site "Vicente Lopez"]
[Date "2004.07.15"]
[Round "7"]
[White "Rodriguez Vila, Andres"]
[Black "Valerga, Diego"]
[Result "1/2-1/2"]
[WhiteElo "2567"]
[BlackElo "2498"]
[PlyCount "84"]
[EventDate "2004.07.09"]
[EventType "tourn"]
[EventRounds "11"]
[EventCountry "ARG"]
[EventCategory "6"]
[SourceTitle "CBM 101 Extra"]
[Source "ChessBase"]
[SourceDate "2004.09.01"]
[SourceVersion "2"]
[SourceVersionDate "2004.09.01"]
[SourceQuality "1"]

1. e4 c6 2. d4 d5 3. Nd2 dxe4 4. Nxe4 Bf5 5. Ng3 Bg6 6. Bc4 Nf6 7. N1e2 e6 8.
O-O Nbd7 9. f4 Nb6 10. Bd3 Bxd3 11. Qxd3 g6 12. b3 Nbd5 13. c4 Ne7 14. Ba3 Nf5
15. Bxf8 Kxf8 16. Nxf5 exf5 17. Nc3 Kg7 18. Rad1 Qb6 19. c5 Qb4 20. Nb1 Rae8
21. Nd2 Re6 22. Nc4 Ne4 23. a3 Qb5 24. b4 b6 25. Qb3 Rb8 26. a4 Qa6 27. cxb6
axb6 28. Ne5 Ra8 29. b5 cxb5 30. axb5 Qa4 31. Qb2 Qa2 32. Qxa2 Rxa2 33. d5 Rf6
34. Nc4 Nd6 35. Nxb6 Nxb5 36. Nc4 Nd6 37. Ne5 Ne4 38. Rd4 Rb6 39. Nd3 Rd2 40.
Rb4 Rd6 41. Ne5 R6xd5 42. Rb7 Nd6 1/2-1/2

[Event "Vicente Lopez Magistral 7th"]
[Site "Vicente Lopez"]
[Date "2004.07.20"]
[Round "11"]
[White "Rodriguez Vila, Andres"]
[Black "Szmetan, Ricardo"]
[Result "1-0"]
[WhiteElo "2567"]
[BlackElo "2250"]
[PlyCount "58"]
[EventDate "2004.07.09"]
[EventType "tourn"]
[EventRounds "11"]
[EventCountry "ARG"]
[EventCategory "6"]
[SourceTitle "CBM 101 Extra"]
[Source "ChessBase"]
[SourceDate "2004.09.01"]
[SourceVersion "2"]
[SourceVersionDate "2004.09.01"]
[SourceQuality "1"]

1. e4 c6 2. d4 d5 3. e5 Bf5 4. Be2 Na6 5. c3 Qb6 6. a4 Bxb1 7. Rxb1 e6 8. b4
Nb8 9. f4 Nd7 10. Nf3 Be7 11. Bd3 g6 12. O-O h5 13. Qc2 Nf8 14. Be3 Nh6 15. g3
Nf5 16. Bf2 Qc7 17. h3 O-O-O 18. Qe2 Nh7 19. g4 Ng7 20. Be3 Nf8 21. Ng5 Bxg5
22. fxg5 Rd7 23. Rf3 Kb8 24. b5 Rh7 25. Qf2 cxb5 26. Bxb5 a6 27. Bd3 Kc8 28.
Rc1 Rh8 29. Bf4 Rd8 1-0

[Event "Mario Covas 4th"]
[Site "Santos"]
[Date "2004.07.31"]
[Round "1"]
[White "Rodriguez Vila, Andres"]
[Black "Marques, Vinicius"]
[Result "1-0"]
[WhiteElo "2567"]
[BlackElo "2378"]
[PlyCount "57"]
[EventDate "2004.07.31"]
[EventType "tourn"]
[EventRounds "9"]
[EventCountry "BRA"]
[EventCategory "11"]
[SourceTitle "CBM 103"]
[Source "ChessBase"]
[SourceDate "2004.11.11"]
[SourceVersion "1"]
[SourceVersionDate "2004.11.11"]
[SourceQuality "1"]

1. e4 c5 2. Nf3 Nc6 3. d4 cxd4 4. Nxd4 Nf6 5. Nc3 d6 6. f3 e5 7. Nb3 Be7 8. Be3
Be6 9. Qd2 a5 10. Nd5 O-O 11. Bb6 Qd7 12. Bb5 Bd8 13. Bxa5 Bxa5 14. Nxa5 Bxd5
15. exd5 Rxa5 16. dxc6 Qc7 17. c4 bxc6 18. Bxc6 e4 19. O-O e3 20. Qc3 Rc8 21.
Bb5 d5 22. Rac1 dxc4 23. Bxc4 Nd5 24. Qd4 e2 25. Rfe1 Rd8 26. Rxe2 Nf4 27. Re4
Rad5 28. Rce1 Ne6 29. Bxd5 1-0

[Event "Mario Covas 4th"]
[Site "Santos"]
[Date "2004.08.01"]
[Round "2"]
[White "Zambrana, Oswaldo"]
[Black "Rodriguez Vila, Andres"]
[Result "1/2-1/2"]
[WhiteElo "2472"]
[BlackElo "2567"]
[PlyCount "57"]
[EventDate "2004.07.31"]
[EventType "tourn"]
[EventRounds "9"]
[EventCountry "BRA"]
[EventCategory "11"]
[SourceTitle "CBM 103"]
[Source "ChessBase"]
[SourceDate "2004.11.11"]
[SourceVersion "1"]
[SourceVersionDate "2004.11.11"]
[SourceQuality "1"]

1. e4 d5 2. exd5 Qxd5 3. Nc3 Qa5 4. Nf3 Nf6 5. Bc4 Bg4 6. h3 Bh5 7. d4 c6 8.
Qe2 e6 9. Bd2 Bb4 10. a3 O-O 11. O-O Bxc3 12. Bxc3 Qc7 13. Qe5 Qd8 14. Qf4 Bg6
15. Bb3 Nd5 16. Qd2 Nd7 17. Rfe1 N7f6 18. Bb4 Re8 19. c4 Nxb4 20. axb4 Qb6 21.
Bc2 Bxc2 22. Qxc2 Qxb4 23. c5 a5 24. Re3 Qb5 25. Rb3 Qa6 26. Ne5 Nd5 27. Nc4 a4
28. Rba3 b5 29. cxb6 1/2-1/2

[Event "Mario Covas 4th"]
[Site "Santos"]
[Date "2004.08.03"]
[Round "4"]
[White "Coelho, Luis Henrique"]
[Black "Rodriguez Vila, Andres"]
[Result "1/2-1/2"]
[WhiteElo "2391"]
[BlackElo "2567"]
[PlyCount "80"]
[EventDate "2004.07.31"]
[EventType "tourn"]
[EventRounds "9"]
[EventCountry "BRA"]
[EventCategory "11"]
[SourceTitle "CBM 103"]
[Source "ChessBase"]
[SourceDate "2004.11.11"]
[SourceVersion "1"]
[SourceVersionDate "2004.11.11"]
[SourceQuality "1"]

1. Nf3 g6 2. d4 d6 3. e4 Bg7 4. c4 e5 5. Nc3 exd4 6. Nxd4 Nc6 7. Be3 Nge7 8.
Be2 O-O 9. h4 f5 10. Nxc6 Nxc6 11. Qd2 Qf6 12. exf5 Bxf5 13. O-O-O Ne5 14. h5
Qf7 15. hxg6 Bxg6 16. Rh4 Rae8 17. Nd5 c6 18. Rf4 Qd7 19. Rxf8+ Rxf8 20. f4
Nxc4 21. Bxc4 cxd5 22. Bd3 Qe6 23. Bxg6 Qxg6 24. Qxd5+ Kh8 25. f5 Qg4 26. Kb1
Be5 27. Bxa7 Ra8 28. Be3 Qxf5+ 29. Ka1 Qc2 30. Bc1 Rc8 31. a3 Qe2 32. Qxb7 Rg8
33. Rh1 Qd3 34. Ka2 Rg6 35. Qc8+ Rg8 36. Qb7 Rg3 37. Qa8+ Rg8 38. Qf3 Qc2 39.
Qb7 Rg3 40. Qa8+ Rg8 1/2-1/2

[Event "Mario Covas 4th"]
[Site "Santos"]
[Date "2004.08.04"]
[Round "5"]
[White "Rodriguez Vila, Andres"]
[Black "Limp, Eduardo Thelio"]
[Result "1-0"]
[WhiteElo "2567"]
[BlackElo "2441"]
[PlyCount "47"]
[EventDate "2004.07.31"]
[EventType "tourn"]
[EventRounds "9"]
[EventCountry "BRA"]
[EventCategory "11"]
[SourceTitle "CBM 103"]
[Source "ChessBase"]
[SourceDate "2004.11.11"]
[SourceVersion "1"]
[SourceVersionDate "2004.11.11"]
[SourceQuality "1"]

1. e4 c5 2. Nc3 b6 3. g3 Bb7 4. Bg2 e6 5. d3 Nf6 6. f4 d5 7. e5 Ng8 8. Nf3 h5
9. f5 exf5 10. O-O g6 11. Bf4 Na6 12. Nb5 Qd7 13. a4 Be7 14. Qd2 Kd8 15. Ng5
Bxg5 16. Bxg5+ Ke8 17. c4 Kf8 18. Nd6 Nb4 19. d4 Bc6 20. dxc5 bxc5 21. cxd5
Bxa4 22. Qc3 f6 23. exf6 Rh7 24. Qxc5 1-0

[Event "Mario Covas 4th"]
[Site "Santos"]
[Date "2004.08.08"]
[Round "9"]
[White "Rodriguez Vila, Andres"]
[Black "Zarnicki, Pablo Adrian"]
[Result "1/2-1/2"]
[WhiteElo "2567"]
[BlackElo "2521"]
[PlyCount "38"]
[EventDate "2004.07.31"]
[EventType "tourn"]
[EventRounds "9"]
[EventCountry "BRA"]
[EventCategory "11"]
[SourceTitle "CBM 103"]
[Source "ChessBase"]
[SourceDate "2004.11.11"]
[SourceVersion "1"]
[SourceVersionDate "2004.11.11"]
[SourceQuality "1"]

1. e4 e5 2. Nf3 Nf6 3. d4 Nxe4 4. Bd3 d5 5. Nxe5 Nd7 6. Nxd7 Bxd7 7. O-O Be7 8.
Nc3 Nf6 9. Qf3 c6 10. h3 O-O 11. Re1 Re8 12. Bg5 h6 13. Bh4 Nh7 14. Bg3 Bf6 15.
Rxe8+ Qxe8 16. Ne2 Ng5 17. Qh5 Qe7 18. Bf4 Re8 19. c3 c5 1/2-1/2

[Event "Itau Cup 8th"]
[Site "Sao Paulo"]
[Date "2004.09.26"]
[Round "2"]
[White "Rodriguez Vila, Andres"]
[Black "Carvalho, Herbert Abreu"]
[Result "1-0"]
[WhiteElo "2567"]
[BlackElo "2146"]
[PlyCount "83"]
[EventDate "2004.09.04"]
[EventType "swiss"]
[EventRounds "9"]
[EventCountry "BRA"]
[SourceTitle "CBM 102 Extra"]
[Source "ChessBase"]
[SourceDate "2004.11.03"]
[SourceVersion "1"]
[SourceVersionDate "2004.11.03"]
[SourceQuality "1"]

1. e4 g6 2. d4 Bg7 3. h4 d6 4. h5 c5 5. dxc5 Qa5+ 6. c3 Qxc5 7. Be3 Qc7 8. Ne2
Nf6 9. h6 Bf8 10. f3 e5 11. Na3 a6 12. c4 Be6 13. Nc3 Nh5 14. Rc1 Be7 15. Qd2
Ng3 16. Rh2 Nd7 17. Bd3 f5 18. Bf2 fxe4 19. Nxe4 Nxe4 20. Bxe4 Nf6 21. Bd5 Qd7
22. Nb1 Bxd5 23. cxd5 O-O 24. Nc3 Rac8 25. Bh4 Nh5 26. Kf2 Rc4 27. Bxe7 Qxe7
28. Kg1 Nf4 29. Re1 Qf7 30. Re4 Rxe4 31. Nxe4 Qxd5 32. Qxd5+ Nxd5 33. Nxd6 b5
34. Rh1 Rd8 35. Ne4 Rc8 36. Kh2 Rc2 37. Rd1 Nf4 38. Rd7 Nh5 39. Nd6 Kf8 40.
Rf7+ Kg8 41. Re7 Nf6 42. Rg7+ 1-0